000 00401cam a22001457a 4500
008 180718b1966 xxu||||| |||| 00| 0 eng d
082 _aT19x54 H814/66
100 _aHough, Eleanor M.
245 _aThe cooperative movement in India
_cby Eleanor M. Hough
250 _a5th ed.
260 _aCalcutta
_bOUP
_c1966
300 _a492p.
650 _aDas, K. Madhaya, ed.
650 _aCo-Operation - India
999 _c368702
_d368702